Lecciones de Geometría Clásica

Gorde:
Xehetasun bibliografikoak
Egile nagusia: Riera Lira, Gonzalo (Egilea)
Formatua: Liburua
Hizkuntza:gaztelania
Argitaratua: Santiago Universitaria 1996
Edizioa:1a. ed
Gaiak:
Etiketak: Etiketa erantsi
Etiketarik gabe, Izan zaitez lehena erregistro honi etiketa jartzen!

MARC

LEADER 00000nam a2200000 a 4500
001 UCH3898
003 CL-VaPUC
008 090818e19960000CL |||||||||||||||||spa|d
082 0 4 |a 516.02  |b RIE  |2 21 
100 0 |a Riera Lira, Gonzalo  |e author  |9 539355 
245 1 0 |a Lecciones de Geometría Clásica 
250 |a 1a. ed 
300 |a 137 p 
942 |c BK 
945 |d 20090818 00:00:00  |a ccalabra 
260 |a Santiago  |b Universitaria  |c 1996 
650 0 |a Matemática  |9 260235 
650 0 |a Geometría   |9 264063 
650 7 |a CONGRUENCIA  |2 CL-VaPUC  |9 422357 
650 7 |a TEORIA DE PITAGORAS  |2 CL-VaPUC  |9 539356 
650 7 |a GEOMETRIA ESFERICA  |2 CL-VaPUC  |9 430120 
583 |a last modification  |c 20090818 00:00:00  |k Rodrigo Vera 
999 |c 335302  |d 335300